000 01197cam a22002174a 4500
005 20250605164130.0
008 250528s ||||||||||||||||||||||||d
035 _a18596
020 _a713127988
040 _aGR-AtMCL
_bgre
_dGR-AtMCL
_eAACR2
245 1 _aEnvironmental Toxicology / Resource and Environmental Science Series
250 _a1st
260 _c1980
300 _a164
520 _aIn this book the author uses an interdisciplinary approach to the analysis of environmental effects of toxic substances by first dealing with the assessment of toxicity, then describing the metabolism of toxicants by animals, plants and micro-organisms and discussing the present knowledge of toxicants of current concern. Preface, Assessment of Toxicity, Metabolism of Toxic Substances by Animals, Metabolism of Toxic Substances by Plants, Toxic Substances Released into the Environment by Micro-Organisms, Pesticides and Herbicides, Toxic Metals, Atmospheric Toxicants, Petroleum and Radionuclides, Assessment of Environmental Risk, Appendices, Bibliography, Index.
700 1 _aDuffus John H
_94858
700 1 _aEdward Arnold
_9242
942 _cBK
999 _c3945
_d3945